Systém na komunikáciu informácií medzi samosprávami a občanmi

Guardado en:
Detalles Bibliográficos
Autor principal: Vician, Adam (Autor)
Otros Autores: Vargic, Radoslav (Orientador)
Formato: Manuscrito Libro
Lenguaje:eslovaco
Publicado: Bratislava : STU v Bratislave FEI, 2023
Materias:
Acceso en línea:https://opac.crzp.sk/?fn=detailBiblioFormChildSCHA1&sid=C0DEB8E07572332BAD240315805F&seo=CRZP-detail-kniha
Etiquetas: Agregar Etiqueta
Sin Etiquetas, Sea el primero en etiquetar este registro!

MARC

LEADER 00000ntm a22000003a 4500
001 stuzp91975
003 SK-STU
005 20241127120358.5
007 ta
008 150427s2015----xo-----f-mn---000-0-slo-d
040 |a STU  |b slo 
041 0 |a slo 
044 |a xo 
100 1 |a Vician, Adam  |u 037000  |4 aut  |U FEI Fakulta elektrotechniky a informatiky  |T FEI Ústav multimediálnych informačných a komunikačných technológií  |X 92383  |U E070  |Y 818  |7 92383 
242 0 1 |a Information communication system between self-governments and citizens  |y eng 
245 1 0 |a Systém na komunikáciu informácií medzi samosprávami a občanmi 
260 |a Bratislava :  |b STU v Bratislave FEI,  |c 2023 
300 |a 71 s. 
650 4 |a mobilná aplikácia  |2 slo 
650 4 |a komunikácia  |2 slo 
650 4 |a samospráva  |2 slo 
650 4 |a react native  |2 slo 
650 4 |a communication  |2 eng 
650 4 |a local government  |2 eng 
650 4 |a mobile application  |2 eng 
650 4 |a react native  |2 eng 
700 1 |a Vargic, Radoslav  |u 037000  |k Z1  |4 ths  |U FEI Fakulta elektrotechniky a informatiky  |T FEI Ústav multimediálnych informačných a komunikačných technológií  |X 1918  |U E070  |Y 818  |7 A000001918 
856 4 |u https://opac.crzp.sk/?fn=detailBiblioFormChildSCHA1&sid=C0DEB8E07572332BAD240315805F&seo=CRZP-detail-kniha